| 000 | 00844nas a2200265 4500 | ||
|---|---|---|---|
| 001 | BR9801121 | ||
| 003 | BR-BrBNA | ||
| 005 | 20231205100919.0 | ||
| 007 | ta | ||
| 008 | 230509b bl.|||p| |||| 00| 00por d | ||
| 040 |
_aBR-BrBNA _bpor _cBiblioteca Nacional de Agricultura |
||
| 041 | _a(Pt) | ||
| 072 | _aF03 | ||
| 100 | 1 | _aEschiapati-Ferreira, M.S. | |
| 100 | 1 | _aPerez, S.C.J.G.A. | |
| 245 | 1 | _aTratamento para superar a dormencia de sementes de Senna macranthera (Collad.)Irwin et Barn. (Fabaceae-Caesalpinoideae) | |
| 650 | _aSemente | ||
| 650 | _aFedegoso | ||
| 650 | _aDormencia da Semente | ||
| 650 | _aEscarificacao | ||
| 650 | _aTratamento | ||
| 773 | 0 |
_tRevista Brasileira de Sementes (Brazil) _xISSN 0101-3122 _g(1997), v. 19(2) p. 231-237 _wBR9801121 |
|
| 909 |
_a202311 _bLúcia _c55 _dLúcia Elande |
||
| 942 |
_2AGRIS _n0 _cANA |
||
| 999 |
_c158766 _d158766 |
||